00346nam a2200109Ia 4500008004100000040001700041041001200058082001600070100001600086245012300102300001100225230917s9999||||xx |||||||||||||| ||und|| e183844aMAIN aEnglish a34:331 K96L aVijay Kumar 0aLabour welfare measures theory and practice: A study with special refference to Fastners Industries at Rohtak, Haryana a120 p.